000 00578nam a22002177a 4500
003 OSt
005 20160907144147.0
008 160907b xxu||||| |||| 00| 0 eng d
020 _a9781292039329
040 _cDDC
082 _a515 WAD 2014
100 _aWade, William R.
_911019
245 _aIntroduction to Analysis
250 _a4th ed.
260 _aEdinburgh; Pearson Education, 2014
300 _aii,644p; ill: 28cm
504 _aReferences, answers, & index included
650 _aAnalysis
_93796
650 _aMathematical analysis
_92757
942 _2ddc
_cB_BANK
999 _c5168
_d5168